Telefón - dobrý sluha, ale zlý pán

Nevýhody mobilu. Stanovenie pravidiel, ktoré nás môžu chrániť pred vlastnými telefónmi.

Uložené v:
Podrobná bibliografia
Hlavný autor: Skorková, Zuzana, 1979-
Médium: Kapitola
Jazyk:Slovak
Predmet:
Tagy: Pridať tag
Žiadne tagy, Buďte prvý, kto otaguje tento záznam!

MARC

LEADER 00000nla a2200000 4500
001 0167785
005 20240502072926.6
041 0 |a slo 
044 |a SK 
245 1 0 |a Telefón - dobrý sluha, ale zlý pán  |c Zuzana Skorková 
520 |a Nevýhody mobilu. Stanovenie pravidiel, ktoré nás môžu chrániť pred vlastnými telefónmi. 
610 2 0 |a telefón mobilný 
610 2 0 |a využitie času pracovného 
100 1 |a Skorková, Zuzana, 1979-